[Event "GRE"]
[Site "GRE"]
[Date "1995.??.??"]
[Round "?"]
[White "Skembris, Spyridon"]
[Black "Miladinovic, Igor"]
[Result "*"]
[WhiteElo "2525"]
[BlackElo "2555"]
[PlyCount "32"]
[EventDate "1995.??.??"]
[EventCountry "GRE"]
[Source "Fruth,M"]
[SourceDate "2003.05.15"]

1. d4 d5 2. c4 Nc6 3. cxd5 Qxd5 4. e3 e5 5. Nc3 Bb4 6. Bd2 Bxc3 7. bxc3 Qd6 8.
Ne2 h5 9. Ng3 h4 10. Ne4 Qg6 11. f3 Nge7 12. Nf2 Be6 13. Qb1 Qxb1+ 14. Rxb1
O-O-O 15. Rb2 f6 16. Bd3 Na5 *

[Event "Rome Icaro-Marostica match"]
[Site "Rome"]
[Date "1995.??.??"]
[Round "?"]
[White "Razuvaev, Yuri S"]
[Black "Morozevich, Alexander"]
[Result "*"]
[WhiteElo "2585"]
[BlackElo "2630"]
[PlyCount "32"]
[EventDate "1995.??.??"]
[EventType "team"]
[EventCountry "ITA"]
[Source "Fruth,M"]
[SourceDate "2003.05.15"]

1. d4 d5 2. c4 Nc6 3. cxd5 Qxd5 4. e3 e5 5. Nc3 Bb4 6. Bd2 Bxc3 7. bxc3 Nf6 8.
Nf3 O-O 9. Qc2 Re8 10. c4 Qd6 11. dxe5 Nxe5 12. Nxe5 Qxe5 13. Bc3 Qg5 14. Bd3
Bg4 15. Bxf6 Qxf6 16. O-O g6 *

[Event "Hoogovens IT KO"]
[Site "Wijk aan Zee"]
[Date "1995.??.??"]
[Round "?"]
[White "Brenninkmeijer, Joris"]
[Black "Skembris, Spyridon"]
[Result "*"]
[WhiteElo "2500"]
[BlackElo "2525"]
[PlyCount "40"]
[EventDate "1995.01.??"]
[EventType "k.o."]
[EventRounds "5"]
[EventCountry "NED"]
[Source "Fruth,M"]
[SourceDate "2003.05.15"]

1. d4 d5 2. c4 Nc6 3. cxd5 Qxd5 4. e3 e5 5. Nc3 Bb4 6. Bd2 Bxc3 7. bxc3 Qd6 8.
Bd3 Nge7 9. Ne2 O-O 10. O-O b6 11. f3 Be6 12. Qc1 Rad8 13. Be1 Ng6 14. Bf2 Na5
15. Re1 Bc4 16. Bc2 c5 17. Ng3 Qc7 18. Nf5 Be6 19. e4 cxd4 20. cxd4 Rc8 {|^} *

[Event "Thessaloniki TT"]
[Site "Thessaloniki"]
[Date "1997.??.??"]
[Round "1"]
[White "Shipov, Sergei"]
[Black "Miladinovic, Igor"]
[Result "1/2-1/2"]
[WhiteElo "2540"]
[BlackElo "2510"]
[PlyCount "33"]
[EventDate "1997.??.??"]
[EventType "swiss"]
[EventRounds "3"]
[EventCountry "GRE"]
[Source "Fruth,M"]
[SourceDate "2003.05.15"]

1. d4 d5 2. c4 Nc6 3. cxd5 Qxd5 4. e3 e5 5. Nc3 Bb4 6. Bd2 Bxc3 7. Bxc3 exd4 8.
Ne2 Nf6 9. Nxd4 O-O 10. Qb3 Nxd4 11. Bxd4 Qxb3 12. axb3 Nd5 13. e4 Re8 14. f3
Nb4 15. O-O-O a5 16. Bc4 Be6 17. Bc3 1/2-1/2

[Event "Verona op"]
[Site "Verona"]
[Date "2000.01.04"]
[Round "4"]
[White "Tyomkin, Dimitri"]
[Black "Miladinovic, Igor"]
[Result "1/2-1/2"]
[WhiteElo "2516"]
[BlackElo "2538"]
[PlyCount "23"]
[EventDate "2000.01.??"]
[EventType "swiss"]
[EventRounds "7"]
[EventCountry "ITA"]
[EventCategory "7"]
[Source "Fruth,M"]
[SourceDate "2003.05.15"]

1. d4 d5 2. c4 Nc6 3. cxd5 Qxd5 4. e3 e5 5. Nc3 Bb4 6. Bd2 Bxc3 7. bxc3 Nf6 8.
f3 e4 9. c4 Qd6 10. Ne2 O-O 11. Ng3 Re8 12. f4 1/2-1/2

[Event "GER-ch TT BL2 Ost 200001"]
[Site "GER"]
[Date "2001.04.01"]
[Round "8.1"]
[White "Ioseliani, Nana"]
[Black "Ginsburg, Gennadij"]
[Result "0-1"]
[WhiteElo "2476"]
[BlackElo "2487"]
[PlyCount "60"]
[EventDate "2000.10.15"]
[EventType "team"]
[EventRounds "9"]
[EventCountry "GER"]
[Source "Fruth,M"]
[SourceDate "2003.05.15"]

1. d4 d5 2. c4 Nc6 3. cxd5 Qxd5 4. e3 e5 5. Nc3 Bb4 6. Bd2 Bxc3 7. bxc3 Nf6 8.
f3 O-O 9. Qc2 Re8 10. Be2 e4 11. f4 Bg4 12. Bxg4 Nxg4 13. h3 Nf6 14. c4 Qh5 15.
Ne2 Ne7 16. Kf2 c6 17. Rag1 b5 18. g4 Qh4+ 19. Kf1 bxc4 20. Be1 Nfd5 21. Qxe4
Qf6 22. Bf2 Ng6 23. Qf3 Qe7 24. f5 Nh4 25. Qg3 Rab8 26. Nc1 Rb1 27. Qxh4 Nxe3+
28. Ke2 Rb2+ 29. Kf3 Qe4+ 30. Kg3 Rxf2 0-1

[Event "APA Magazine 30 jub corr T A"]
[Site "CADAP"]
[Date "2001.03.31"]
[Round "?"]
[White "Berdichesky, Ruben"]
[Black "Ruefenacht, Matthias"]
[Result "0-1"]
[WhiteElo "2593"]
[BlackElo "2488"]
[PlyCount "42"]
[EventDate "2001.??.??"]
[EventType "tourn (corr)"]
[EventRounds "13"]
[EventCategory "12"]
[Source "Fruth,M"]
[SourceDate "2003.05.15"]

1. d4 d5 2. c4 Nc6 3. cxd5 Qxd5 4. e3 e5 5. Nc3 Bb4 6. Bd2 Bxc3 7. bxc3 Nf6 8.
f3 O-O 9. e4 Qd6 10. Be3 Rd8 11. d5 Na5 12. c4 Nxc4 13. Bxc4 Qb4+ 14. Qd2 Qxc4
15. Rc1 Qa6 16. Rxc7 Ne8 17. Rc2 Nd6 18. Bc5 f5 19. Ne2 fxe4 20. Bxd6 Qxd6 21.
fxe4 Rf8 0-1

[Event "ESP-ch TT"]
[Site "Mondariz "]
[Date "2002.12.05"]
[Round "6"]
[White "Cifuentes Parada, Roberto"]
[Black "Vallejo Pons, Francisco"]
[Result "1/2-1/2"]
[WhiteElo "2507"]
[BlackElo "2635"]
[PlyCount "50"]
[EventDate "2002.11.30"]
[EventType "team"]
[EventRounds "9"]
[EventCountry "ESP"]
[Source "Fruth,M"]
[SourceDate "2003.05.15"]

1. d4 d5 2. c4 Nc6 3. cxd5 Qxd5 4. e3 e5 5. Nc3 Bb4 6. Bd2 Bxc3 7. Bxc3 exd4 8.
Ne2 Nf6 9. Nxd4 O-O 10. Nb5 Qg5 11. h4 Qh6 12. Qf3 Bg4 13. Qg3 Rad8 14. Bc4 Be6
15. Bxe6 fxe6 16. Qg5 Qxg5 17. hxg5 Nd5 18. Nd4 Nxd4 19. Bxd4 Nf4 20. Rd1 e5
21. exf4 exd4 22. g3 c5 23. Kd2 c4 24. Rhe1 Rde8 25. a4 Kf7 1/2-1/2